00463 2200181 4500001002100000005001500021008004100036020001800077035001900095041000700114082001100121090001700132100001300149245003300162260003500195300001900230650003200249INLIS00000000001181820241224114242241224||||||||| | ||| |||| || |  a979-526-748-5 0010-1224011818 aid0 a155.26 a155.26 SJA p0 aSjarkawi00aPEMBENTUKAN KEPRIBADUAN ANAK aJakartabpt. Bumi aksarac2011 a157hlm;16x23cm 0aIlmu Filsafat dan Psikologi